Approaches, levels and methods of analysis in international politics : (Record no. 5004)
[ view plain ]
| 000 -LEADER | |
|---|---|
| fixed length control field | 00954cam a22002895a 4500 |
| 005 - DATE AND TIME OF LATEST TRANSACTION | |
| control field | 20150903112223.0 |
| 008 - FIXED-LENGTH DATA ELEMENTS--GENERAL INFORMATION | |
| fixed length control field | 140119s2006 nyud frb 001 0 eng d |
| 010 ## - LIBRARY OF CONGRESS CONTROL NUMBER | |
| LC control number | 2006041580 |
| 020 ## - INTERNATIONAL STANDARD BOOK NUMBER | |
| International Standard Book Number | 1403971064 |
| 020 ## - INTERNATIONAL STANDARD BOOK NUMBER | |
| International Standard Book Number | 9781403971067 |
| 040 ## - CATALOGING SOURCE | |
| Original cataloging agency | EG-ScBUE |
| Language of cataloging | eng |
| Transcribing agency | EG-ScBUE |
| 082 04 - DEWEY DECIMAL CLASSIFICATION NUMBER | |
| Classification number | 327.101 |
| Item number | APP |
| Edition number | 22 |
| 245 00 - TITLE STATEMENT | |
| Title | Approaches, levels and methods of analysis in international politics : |
| Remainder of title | crossing boundaries / |
| Statement of responsibility, etc | edited by Harvey Starr. |
| 250 ## - EDITION STATEMENT | |
| Edition statement | 1st ed. |
| 260 ## - PUBLICATION, DISTRIBUTION, ETC. (IMPRINT) | |
| Place of publication, distribution, etc | New York : |
| Name of publisher, distributor, etc | Palgrave Macmillan, |
| Date of publication, distribution, etc | 2006. |
| 300 ## - PHYSICAL DESCRIPTION | |
| Extent | xii, 348 p. : |
| Other physical details | charts, tables ; |
| Dimensions | 22 cm. |
| 490 0# - Series Statement | |
| Series statement | Advances in foreign policy analyses |
| 500 ## - GENERAL NOTE | |
| General note | Index : p. 341-348. |
| 504 ## - BIBLIOGRAPHY, ETC. NOTE | |
| Bibliography, etc | Bibliography : p. 303-335. |
| 590 ## - LOCAL NOTE (RLIN) | |
| Local note | doaa mohamed |
| 650 #0 - SUBJECT ADDED ENTRY--TOPICAL TERM | |
| Topical term or geographic name as entry element | International relations. |
| 9 (RLIN) | 11142 |
| Source of heading or term | BUEsh |
| 651 ## - SUBJECT ADDED ENTRY--GEOGRAPHIC NAME | |
| Source of heading or term | BUEsh |
| 653 ## - INDEX TERM--UNCONTROLLED | |
| Resource For college | BAEPS, Political Science |
| Arrived date list | August2015 |
| 655 ## - INDEX TERM--GENRE/FORM | |
| Form subdivision | |
| -- | 34232 |
| 700 1# - ADDED ENTRY--PERSONAL NAME | |
| Personal name | Starr, Harvey. |
| Relator term | editor. |
| 9 (RLIN) | 34868 |
| 942 ## - ADDED ENTRY ELEMENTS (KOHA) | |
| Item type | Book - Borrowing |
| Call number prefix | 327.101 APP |
| Source of classification or shelving scheme | Dewey Decimal Classification |
| Withdrawn status | Item status | Source of classification or shelving scheme | Damaged status | Not for loan | Home library | Current library | Shelving location | Date acquired | Source of acquisition | Total Checkouts | Total Renewals | Full call number | Barcode | Date last seen | Date last borrowed | Koha item type | Vendor |
|---|---|---|---|---|---|---|---|---|---|---|---|---|---|---|---|---|---|
| Dewey Decimal Classification | Central Library | Central Library | First floor | 07/10/2008 | Purchase | 7 | 7 | 327.101 APP | 000006335 | 15/07/2025 | 20/10/2014 | Book - Borrowing | |||||
| Dewey Decimal Classification | Central Library | Central Library | First floor | 13/11/2013 | Purchase | 4 | 29 | 327.101 APP | 000035075 | 15/07/2025 | 27/02/2019 | Book - Borrowing | Baccah | ||||
| Dewey Decimal Classification | Central Library | Central Library | First floor | 13/11/2013 | 2 | 3 | 327.101 APP | 000035076 | 15/07/2025 | 28/07/2015 | Book - Borrowing | Baccah |